000 00358 a2200169 4500
001 56487
020 _a8508106181
040 _cAnchieta - Pituba
100 _aCarrasco, Walcyr
240 1 0 _aBalança coração
_lpor
245 1 0 _aBalança coração
300 _a
362 0 _a2006
440 1 _aÁtica
650 4 _aLiteratura juvenil
942 _cBK
999 _c56487
_d56487